000 00505pab a2200193 454500
008 180718b2010 xxu||||| |||| 00| 0 eng d
100 _aHafner-Burton, Emilie M.
245 _aTortured relations: human rights abuses and counterterrorism cooperation
260 _c2010
300 _ap.415-419.
362 _aJul
650 _aTerrorism
650 _aTorture
650 _aHuman rights
700 _aShapiro, Jacob N.
773 _aPolitical Science and Politics
908 _aN
909 _a87674
999 _c87674
_d87674